000 01059nam2a22002651 4500
001 v19\rc\1615530
005 20250618225037.0
035 _a(NLR Aleph) 004734183
090 _a4462763
_c4462763
100 _a20061002d1898 |||y0rusy50 ca
101 0 _arus
102 _aRU
105 _ay z |||||
200 0 _aна 1899 год
210 _d1898
_aБ. м.
215 _a34 с.
461 0 _1001v19\rc\1615529
_12001#$aАрхангельский календарь-альманах [и путеводитель по г. Архангельску и его окрестностям]...$vна 1899 год
_94462758
_cМосква
_d1898
_nО. Витвицкий
_tАрхангельский календарь-альманах [и путеводитель по г. Архангельску и его окрестностям]...
_vна 1899 год
801 0 _aRU
_bNLR
_gpsbo
801 0 _aRU
_bRuMoRGB
_2psbo
801 1 _aRU
_bProSoft-M
_2rusmarc
852 _aNLR
_j18.183.4.3
899 _aRuMoRGB
_jA 287/323
899 _aБАН
942 _cBOOK
980 _aNB